A Prayer for All Seasons / (Record no. 4112)

MARC details
000 -LEADER
fixed length control field 00461nam a22001817a 4500
003 - CONTROL NUMBER IDENTIFIER
control field GBCCL
005 - DATE AND TIME OF LATEST TRANSACTION
control field 20241126110511.0
008 - FIXED-LENGTH DATA ELEMENTS--GENERAL INFORMATION
fixed length control field 180112b xxu||||| |||| 00| 0 eng d
020 ## - INTERNATIONAL STANDARD BOOK NUMBER
International Standard Book Number 0805482202
040 ## - CATALOGING SOURCE
Transcribing agency gbc
082 ## - DEWEY DECIMAL CLASSIFICATION NUMBER
Classification number 248.3
Item number CRE
100 ## - MAIN ENTRY--PERSONAL NAME
Personal name Cresch, John W.
9 (RLIN) 7865
245 ## - TITLE STATEMENT
Title A Prayer for All Seasons /
Statement of responsibility, etc. John W. Cresch
260 ## - PUBLICATION, DISTRIBUTION, ETC.
Name of publisher, distributor, etc. Broadman press,
Place of publication, distribution, etc. Nashville:
Date of publication, distribution, etc. 1971
300 ## - PHYSICAL DESCRIPTION
Extent 128 p.;
Dimensions 20 cm.
650 ## - SUBJECT ADDED ENTRY--TOPICAL TERM
Topical term or geographic name entry element Prayer
9 (RLIN) 332
942 ## - ADDED ENTRY ELEMENTS (KOHA)
Source of classification or shelving scheme Dewey Decimal Classification
Koha item type Books
Koha issues (borrowed), all copies 1
Holdings
Withdrawn status Lost status Source of classification or shelving scheme Damaged status Not for loan Home library Current Library Shelving location Date acquired Total checkouts Full call number Barcode Date last seen Date last checked out Copy number Price effective from Koha item type
    Dewey Decimal Classification     GRACE BIBLE COLLEGE GRACE BIBLE COLLEGE Ministry & Mission 2018-01-12 1 248.3 CRE 008590 2025-05-01 2022-08-09 c.1 2018-01-12 Books
© Grace Bible College Library 2025